Great Depression of 1990 (Record no. 131)

MARC details
000 -LEADER
fixed length control field 00381nam a2200145Ia 4500
008 - FIXED-LENGTH DATA ELEMENTS--GENERAL INFORMATION
fixed length control field 211109s9999||||xx |||||||||||||| ||und||
082 ## - DEWEY DECIMAL CLASSIFICATION NUMBER
Classification number 338.542
Item number BAT-G
100 ## - MAIN ENTRY--PERSONAL NAME
Personal name Batra, Ravi
245 #0 - TITLE STATEMENT
Title Great Depression of 1990
260 ## - PUBLICATION, DISTRIBUTION, ETC.
Name of publisher, distributor, etc. Dell
Place of publication, distribution, etc. Canada
Date of publication, distribution, etc. 2000
300 ## - PHYSICAL DESCRIPTION
Extent 274p.
630 ## - SUBJECT ADDED ENTRY--UNIFORM TITLE
General subdivision Reference Reading Room
650 ## - SUBJECT ADDED ENTRY--TOPICAL TERM
Topical term or geographic name entry element Social Sciences
942 ## - ADDED ENTRY ELEMENTS (KOHA)
Koha item type BOOK
650 ## - SUBJECT ADDED ENTRY--TOPICAL TERM
Form subdivision Business Cycles
General subdivision Economics
Holdings
Withdrawn status Lost status Damaged status Not for loan Home library Current library Date acquired Cost, normal purchase price Total Checkouts Full call number Barcode Shelving location Date last seen Price effective from Koha item type
        SB LIBRARY SB LIBRARY 09/11/2021 21.00   338.542 BAT-G 00000123 REFERENCE READING ROOM 09/11/2021 09/11/2021 BOOK

Powered by Koha